Biggest Cities in the Great Seljuk Empire with a Map - Statistics

General Stats
  • This quiz has been taken 469 times
  • The average score is 21 of 50
Answers on the Map
Answers color-coded by a green-red scale on the quiz's map according to % correct below.
 
Answer Stats
Population Cities % Correct
150k Baghdad
97%
70k Jerusalem
96%
85k Ray
95%
50k Damascus
94%
45k Ankara
92%
35k Aleppo
89%
100k Isfahan
81%
50k Mosul
81%
60k Basra
80%
40k Samarkand
71%
20k Tabriz
71%
30k Antakya
69%
50k Konya
66%
50k Shiraz
61%
60k Qom
60%
70k Bukhara
56%
25k Erbil
56%
50k Kayseri
53%
30k Acre
50%
100k Merv
50%
30k Herat
48%
35k Hama
45%
40k Diyarbakır
44%
30k Hormuz
43%
40k Urfa
42%
20k İznik
40%
100k Kerman
37%
45k Sivas
34%
25k Raqqa
32%
100k Nishapur
30%
25k Ardabil
29%
50k Kashgar
27%
20k Hamadan
23%
30k Balkh
22%
30k Kufa
22%
40k Shush
21%
25k Qazvin
16%
25k Gurganj
15%
20k Nusaybin
12%
20k Hotan
11%
20k Yarkand
10%
20k Wasit
9%
25k Maragheh
8%
50k Siraf
8%
20k Zaranj
7%
50k Kish
6%
20k Shushtar
6%
20k Otrar
5%
45k Balasagun
4%
40k Özgön
4%
No matching quizzes found
Score Distribution
Percent of People with Each Score
Percentile by Number Answered
Your Score History
You have not taken this quiz